000 00754cab a2200253 4500
001 WB3340-42
008 090401t1997 xxu||||| |||| 00| 0 eng d
035 _a(Sirsi) u81517
041 _aeng
245 _aTenant power
260 _c1997
350 _a0
490 _aFinancial Times
_v17 October 1997, 30(1)
520 _aThe recession and a change in companies` corporate strategies has led to shorter, more flexible leases for commercial property. Statistics.
650 _aCOMMERCIAL LEASES
650 _aFLEXIBLE WORKING
650 _aLEASES
650 _aMARKET CONDITIONS
650 _aSHORT-TERM LEASES
650 _aSPACE REQUIREMENTS
690 _aLANDLORD AND TENANT-BUSINESS TENANCIES
942 _n0
948 _c17/10/1997
999 _c51359
_d51359